|
|
|
|
| LEADER |
00000nam a2200000 a 4500 |
| 005 |
20130729164211.0 |
| 007 |
cr|||| |||| |
| 008 |
121128s2012 sp d||| |||||0|0 0 spa|c |
| 017 |
|
|
|a DL M. 25319-2012
|
| 020 |
|
|
|a 9788490310540 (Dykinson)
|
| 020 |
|
|
|a 9788436264432 (UNED)
|
| 020 |
|
|
|a 9788484683902 (Universidad Pontificia Comillas)
|
| 035 |
|
|
|a 11456
|
| 040 |
|
|
|a vLex
|
| 080 |
|
|
|a 612.63:34
|
| 090 |
|
|
|c 4463
|d 4463
|
| 245 |
0 |
0 |
|a Dilemas bioťicos actuales
|h [Recurso electrn̤ico] :
|b investigacin̤ biomďica, principio y final de la vida /
|c Rafael Junquera de Estf̌ani, Javier de la Torre Da̕z (editores)
|
| 256 |
|
|
|a Servicio en ln̕ea
|
| 260 |
|
|
|a Madrid:
|b Dykinson :
|b UNED :
|b Universidad Pontificia Comillas,
|c 2012
|
| 300 |
|
|
|a 1 recurso electrn̤ico
|
| 504 |
|
|
|a Bibliografia p. [201]-211
|
| 506 |
1 |
|
|a Contenido solo disponible en los productos indicados
|d vLex Global
|d vLex Global (Academic Edition, excluding Law Schools)
|d vLex Global (U.S. Academic Edition, Law Schools)
|d vLex Global (U.S. Academic Edition, excluding Law Schools)
|d vLex Global (Academic Edition, Law Schools)
|
| 650 |
0 |
4 |
|a Bioťica
|x Derecho y legislacin̤
|
| 700 |
1 |
|
|a Junquera de Estf̌ani, Rafael
|
| 700 |
1 |
|
|a Torre Diaz, Francisco Javier de la
|
| 740 |
0 |
|
|a vLex Libros (Servicio en ln̕ea)
|
| 856 |
4 |
0 |
|u http://vlex.com/source/dilemas-bioeticos-actuales-11456
|z Acceso restringido
|
| 942 |
|
|
|c BOOK
|
| 999 |
0 |
|
|a Bioethics
|